A painful case (Record no. 76314)

MARC details
000 -LEADER
fixed length control field 01254cab a2200193 4500
001 - CONTROL NUMBER
control field ##L132062
008 - FIXED-LENGTH DATA ELEMENTS--GENERAL INFORMATION
fixed length control field 051222n2005 000 0 eng u
035 ## - SYSTEM CONTROL NUMBER
System control number (Sirsi) u132062
041 0# - LANGUAGE CODE
Language code of text/sound track or separate title eng
100 1# - MAIN ENTRY--PERSONAL NAME
Personal name Bingham, Tony
245 02 - TITLE STATEMENT
Title A painful case
260 ## - PUBLICATION, DISTRIBUTION, ETC.
Date of publication, distribution, etc. 2005
490 #0 - SERIES STATEMENT
Series statement Building
Volume/sequential designation 270(8410) 9 December 2005, 46-47(2)
520 ## - SUMMARY, ETC.
Summary, etc. Outlines the facts of, and comments upon, "CIB Properties Ltd v Birse Construction Ltd" ([2005] EWHC 2365, L130465), whereby B called C to adjudication after being dismissed from a project on which C had made numerous revisions to the building design whilst work was in progress, and C had complained of work being late and defective. The adjudicator found that B had showed no sense of urgency, and could provide no convincing reasons why it should be granted an extension of time. The author argues that B had simply become overwhelmed by the problems encountered on the project, and had allowed work to virtually come to a standstill.
590 ## - LOCAL NOTE (RLIN)
Local note IKA030106
650 24 - SUBJECT ADDED ENTRY--TOPICAL TERM
Topical term or geographic name entry element CIB PROPERTIES LTD V BIRSE CONSTRUCTION LTD
690 ## - LOCAL SUBJECT ADDED ENTRY--TOPICAL TERM (OCLC, RLIN)
Topical term or geographic name as entry element MANAGEMENT-DISPUTE AVOIDANCE, MANAGEMENT AND RESOLUTION-DISPUTE MANAGEMENT AND RESOLUTION-ALTERNATIVE DISPUTE RESOLUTION-ADJUDICATION-ADJUDICATION AWARDS
942 ## - ADDED ENTRY ELEMENTS (KOHA)
Suppress in OPAC 0
Holdings
Withdrawn status Lost status Source of classification or shelving scheme Damaged status Not for loan Home library Current library Shelving location Date acquired Total Checkouts Full call number Barcode Date last seen Copy number Price effective from Koha item type
    Dewey Decimal Classification     London London Journal article 22/12/2005   L132062 132062-1001 06/08/2019 1 06/08/2019 Journal article